[Event "Dhaka IRT U2000"]
[Site "Dhaka"]
[Date "2018.02.19"]
[Round "6"]
[White "Abdullah Al, Muhit"]
[Black "Sibu, Podder"]
[Result "1-0"]
[WhiteElo "1761"]
[BlackElo "1868"]
[PlyCount "45"]
[EventDate "2018.02.14"]
[EventType "swiss"]
[EventRounds "9"]
[EventCountry "BAN"]
[SourceTitle "EXT 2024"]
[Source "ChessBase"]
[SourceDate "2023.10.10"]
[SourceVersion "1"]
[SourceVersionDate "2023.10.10"]
[SourceQuality "1"]

1. e4 e5 2. f4 d6 3. d3 Nf6 4. Nf3 Nc6 5. fxe5 dxe5 6. Be2 Bc5 7. Bg5 Nd4 8. Nxe5 Nxe2 9. Qxe2 Qd4 10. Nc4 Be6 11. Be3 Bb4+ 12. c3 Bxc3+ 13. Nxc3 Qd7 14. 0-0 Rd8 15. d4 b5 16. Ne5 Qc8 17. d5 Bd7 18. Nxd7 Rxd7 19. Bd4 b4 20. Nb5 a6 21. Na7 Qb7 22. Nc6 0-0 23. Rxf6 1-0